Marvel Comics: Members of the Battle-Axis by Picture - Statistics

General Stats
  • This quiz has been taken 8 times
  • The average score is 4 of 8
Answer Stats
Picture Answer % Correct
Doctor Nemesis
100%
Golem
50%
Human Meteor
50%
Spider Queen
50%
Strong Man
50%
The Vision
50%
Sky Shark
25%
Volton
25%
No matching quizzes found
Score Distribution
Percent of People with Each Score
Percentile by Number Answered
Your Score History
You have not taken this quiz